000 00697nam a2200241 i 4500
001 C2-0309552
003 PPAK
005 20180728100637.0
008 110530s1992 my |||| ||||| | may d
020 _a9679422364
040 _aPPAK
_beng
_cPPAK
_erda
082 0 4 _a899.23
_223
090 0 0 _a899.23
_bMUH
_dKMI
100 0 _aMuhammad Haji Salleh,
_eauthor
245 1 0 _aPuitika sastera :
_bsuatu pertimbangan
264 1 _aBangi, Selangor :
_bPenerbit Universiti Kebangsaan Malaysia ,
_c1992
300 _a40 pages ;
_c23 cm
336 _2rdacontent
_atext
337 _2rdamedia
_aunmediated
338 _2rdacarrier
_avolume
650 1 0 _aPoetics. ; Malay literature.
942 _ddc
_cB
999 _c112085
_d112085